<?xml version="1.0" encoding="UTF-8"?>
<record
    xmlns:xsi="http://www.w3.org/2001/XMLSchema-instance"
    xsi:schemaLocation="http://www.loc.gov/MARC21/slim http://www.loc.gov/standards/marcxml/schema/MARC21slim.xsd"
    xmlns="http://www.loc.gov/MARC21/slim">

  <leader>00667nam a22001937a 4500</leader>
  <datafield tag="999" ind1=" " ind2=" ">
    <subfield code="c">177965</subfield>
    <subfield code="d">177965</subfield>
  </datafield>
  <controlfield tag="005">20210311110624.0</controlfield>
  <datafield tag="010" ind1=" " ind2=" ">
    <subfield code="a">UR-11066</subfield>
  </datafield>
  <datafield tag="020" ind1=" " ind2=" ">
    <subfield code="c">76.00</subfield>
    <subfield code="a">9789390579099</subfield>
  </datafield>
  <datafield tag="035" ind1=" " ind2=" ">
    <subfield code="a">U-9621</subfield>
  </datafield>
  <datafield tag="037" ind1=" " ind2=" ">
    <subfield code="b">DBAD/PUB</subfield>
  </datafield>
  <datafield tag="082" ind1=" " ind2=" ">
    <subfield code="a">844</subfield>
  </datafield>
  <datafield tag="100" ind1=" " ind2=" ">
    <subfield code="a">&#x627; &#x633;&#x62A;&#x627; &#x62F; &#x639;&#x628;&#x62F; &#x627; &#x644;&#x631; &#x634;&#x64A;&#x62F; </subfield>
  </datafield>
  <datafield tag="245" ind1=" " ind2=" ">
    <subfield code="a">&#x6AF;&#x644;&#x628;&#x631; &#x6AF;&#x6C1; &#x645;&#x64A;&#x6BA; &#x646;&#x638;&#x645;  (&#x645;&#x636;&#x627; &#x645;&#x64A;&#x646;)</subfield>
    <subfield code="c">&#x627; &#x633;&#x62A;&#x627; &#x62F; &#x639;&#x628;&#x62F; &#x627; &#x644;&#x631; &#x634;&#x64A;&#x62F; </subfield>
  </datafield>
  <datafield tag="246" ind1=" " ind2=" ">
    <subfield code="b">Gulbarga Mein Nazm (Urdu)</subfield>
    <subfield code="a">by Ustad Abdul Rasheed</subfield>
  </datafield>
  <datafield tag="260" ind1=" " ind2=" ">
    <subfield code="a">N.Delhi</subfield>
    <subfield code="c">2020 &#x621;</subfield>
    <subfield code="b">Applied Books</subfield>
  </datafield>
  <datafield tag="270" ind1=" " ind2=" ">
    <subfield code="a">1739/10,Basement ,Patoudi House ,Darya Ganj,</subfield>
    <subfield code="b"> N.Delhi</subfield>
    <subfield code="e">110002</subfield>
    <subfield code="l">9953630788</subfield>
  </datafield>
  <datafield tag="300" ind1=" " ind2=" ">
    <subfield code="a">104 &#x635; </subfield>
    <subfield code="c">22 Cm(Hb)</subfield>
  </datafield>
  <datafield tag="942" ind1=" " ind2=" ">
    <subfield code="2">ddc</subfield>
    <subfield code="c">UR</subfield>
    <subfield code="h">844</subfield>
    <subfield code="m">&#x639; &#x628; &#x62F; </subfield>
  </datafield>
  <datafield tag="952" ind1=" " ind2=" ">
    <subfield code="0">0</subfield>
    <subfield code="1">0</subfield>
    <subfield code="4">0</subfield>
    <subfield code="7">0</subfield>
    <subfield code="8">NFIC</subfield>
    <subfield code="a">DBAD</subfield>
    <subfield code="b">L</subfield>
    <subfield code="d">2021-03-11</subfield>
    <subfield code="e">DBAD/PUB</subfield>
    <subfield code="g">76.00</subfield>
    <subfield code="l">0</subfield>
    <subfield code="o">844 &#x639; &#x628; &#x62F;</subfield>
    <subfield code="p">U-9621</subfield>
    <subfield code="r">2021-03-11 00:00:00</subfield>
    <subfield code="t">1</subfield>
    <subfield code="v">76.00</subfield>
    <subfield code="w">2021-03-11</subfield>
    <subfield code="y">UR</subfield>
  </datafield>
</record>
